00424nam a2200145Ia 4500100001900000942000700019654001300026245005500039260002800094082001300122300000800135546001200143999001700155952010600172 aTropper/ R.H.  cBK aComputer aProgramming an Assembly Language on the IBM PC bJaico PubaBombayc1993 a5.2bPAN a648 aENGLISH c18400d18400 001040708CRCaCRCEbCRCEd2023-03-17g800.00l0o5.2 PANp7216r2023-03-17v800.00w2023-03-17yBK